000 00818nas a2200265 4500
001 BR9209852
003 BR-BrBNA
005 20231205093335.0
007 ta
008 230509b bl.|||p| |||| 00| 00por d
040 _aBR-BrBNA
_bpor
_cBiblioteca Nacional de Agricultura
041 _a(Pt)
072 _aM40
100 1 _aCerrao, G.C.
100 1 _aCarlos, V.M.
100 1 _aSantos, M.J. dos
100 1 _aRigolin, O.
245 1 _aEfeito do enriquecimento artificial sobre a biomassa de perifiton em tanques artificiais na Represa do Lobo (Broa)
650 _aPERIFITON
650 _aBIOMASSA
650 _aSAO PAULO
773 0 _tRevista Brasileira de Biologia (Brazil)
_xISSN 0034-7108
_g(Feb 1991), v. 51(1) p. 71-78
_wBR9209852
909 _a202311
_bLúcia
_c55
_dLúcia Elande
942 _2AGRIS
_n0
_cANA
999 _c137638
_d137638